Biología celular. Conceptos esenciales.
Gardado en:
| Outros autores: | , , , |
|---|---|
| Formato: | Unknown |
| Publicado: |
Madrid, España:
Médica Panamericana, S.A.,
2022.
|
| Subjects: | |
| Tags: |
Engadir etiqueta
Sen Etiquetas, Sexa o primeiro en etiquetar este rexistro!
|
MARC
| LEADER | 00000 a2200000 4500 | ||
|---|---|---|---|
| 003 | CL-VaPUC | ||
| 005 | 20231116150914.0 | ||
| 008 | 231109t2022 ||||| |||| 00| 0 eng d | ||
| 999 | |c 442099 |d 442097 | ||
| 020 | |a 978-84-9835-771- 4 | ||
| 040 | |c Pontificia Universidad Católica de Valparaíso | ||
| 082 | 7 | |a 571.6 JUA 2022 |2 22 | |
| 100 | |a Juan Herrero, Joaquín de |9 885185 |e director | ||
| 245 | |a Biología celular. |b Conceptos esenciales. | ||
| 260 | |a Madrid, España: |b Médica Panamericana, S.A., |c 2022. | ||
| 300 | |a xv, 557 páginas. | ||
| 500 | |a Incluye versión digital con material complementario. | ||
| 583 | |k GC |c 20231109 | ||
| 650 | 0 | |a Citología |9 261432 | |
| 650 | 0 | |a Biología molecular |9 269677 | |
| 700 | |a Fernández Jover, Eduardo |e coodinador |9 885629 | ||
| 700 | |a Iborra Rodríguez, Francisco José |e coordinador |9 885630 | ||
| 700 | |a Ribera Calvet, Joan |e coordinador |9 885631 | ||
| 942 | |2 ddc |c BK | ||
| 952 | |0 0 |1 0 |2 ddc |4 0 |6 571_600000000000000_JUA_2022 |7 0 |8 A |9 592350 |a BIBCUR |b BIBCUR |c GEN |d 2023-11-08 |e 3 |g 94141.00 |i 5659376 |l 14 |m 4 |o 571.6 JUA 2022 |p 5659376 |r 2025-05-08 |s 2025-05-08 |t 1 |v 94141.00 |w 2023-11-08 |y BK |k BIO | ||